|
|
|
|
| LEADER |
00000naa2a2200000 4500 |
| 001 |
478297 |
| 005 |
20231102015629.0 |
| 035 |
|
|
|a (RuTPU)RU\TPU\prd\145119
|
| 035 |
|
|
|a RU\TPU\tpu\7110
|
| 090 |
|
|
|a 478297
|
| 100 |
|
|
|a 20120629d1961 k y0us y50 ca
|
| 101 |
0 |
|
|a rus
|
| 102 |
|
|
|a RU
|
| 200 |
1 |
|
|a Метод измерения температуры в зоне горения газогенератора
|f Н. В. Подборнов, Н. Н. Норкин
|
| 461 |
|
0 |
|0 (RuTPU)RU\TPU\prd\1766
|x 0016-5581
|t Газовая промышленность
|o научно-технический и производственный журнал
|f Газпром
|d 1956-
|
| 463 |
|
0 |
|0 (RuTPU)RU\TPU\prd\145118
|t № 12
|i С. 16-18
|d 1961
|
| 610 |
1 |
|
|a химическая промышленность
|
| 610 |
1 |
|
|a труды учёных ТПУ
|
| 700 |
|
1 |
|a Подборнов
|b Н. В.
|
| 701 |
|
1 |
|a Норкин
|b Н. Н.
|c зав. каф. химической аппаратуры ТПИ (с 1938)
|c выпускник СХТИ 1931 г.
|f 1902-?
|g Николай Николаевич
|2 stltpush
|3 (RuTPU)RU\TPU\pers\26754
|9 12397
|
| 801 |
|
0 |
|a RU
|b 63413507
|c 20011210
|g PSBO
|
| 801 |
|
2 |
|a RU
|b 63413507
|c 20120629
|g PSBO
|
| 942 |
|
|
|c BK
|